Statistics for Europa League Winners

Click here to take the quiz!

General Stats

  • This quiz has been taken 37 times
  • The average score is 34 of 51

Answer Stats

HintAnswer% Correct
2016/2017Manchester United
94%
2014/2015Sevilla
94%
2005/2006Sevilla
94%
2019/2020Sevilla
94%
2006/2007Sevilla
94%
2013/2014Sevilla
94%
2015/2016Sevilla
94%
2012/2013Chelsea
91%
2018/2019Chelsea
91%
1987/1988Bayer Leverkusen
81%
2021/2022Eintracht Frankfurt
81%
1979/1980Eintracht Frankfurt
81%
1990/1991Internazionale
81%
1993/1994Internazionale
81%
1997/1998Internazionale
81%
2020/2021Villareal
81%
1976/1977Juventus
78%
1989/1990Juventus
78%
1992/1993Juventus
78%
1972/1973Liverpool
78%
1975/1976Liverpool
78%
2000/2001Liverpool
78%
1984/1985Real Madrid
78%
1985/1986Real Madrid
78%
1991/1992Ajax
75%
1971/1972Tottenham Hotspur
75%
1983/1984Tottenham Hotspur
75%
2009/2010Atlético Madrid
72%
2011/2012Atlético Madrid
72%
2017/2018Atlético Madrid
72%
1977/1978PSV
72%
2002/2003FC Porto
69%
2010/2011FC Porto
69%
2003/2004Valencia
66%
1973/1974Feyenoord
63%
2001/2002Feyenoord
63%
1988/1989Napoli
47%
2007/2008Zenit Sint-Petersburg
47%
1980/1981Ipswich Town
44%
1998/1999Parma
44%
1994/1995Parma
44%
2004/2005CSKA Moscou
41%
1978/1979Borussia Mönchengladbach
38%
1974/1975Borussia Mönchengladbach
38%
1982/1983Anderlecht
34%
1981/1982IFK Göteburg
34%
2008/2009Shaktar Donetsk
34%
1999/2000Galatasaray
31%
1986/1987IFK Göteburg
28%
1996/1997Schalke 04
25%
1995/1996Bayern München
22%

Score Distribution

Percentile by Number Answered

Percent of People with Each Score

Your Score History

You have not taken this quiz